Clinical Nursing Skills : (Record no. 13554)
[ view plain ]
| 000 -LEADER | |
|---|---|
| fixed length control field | 00946nac a22002775a 4500 |
| 008 - FIXED-LENGTH DATA ELEMENTS--GENERAL INFORMATION | |
| fixed length control field | 100301t2009 n a|||fr|||| 001 0 eng d |
| 020 ## - INTERNATIONAL STANDARD BOOK NUMBER | |
| International Standard Book Number | 0199237832 |
| 020 ## - INTERNATIONAL STANDARD BOOK NUMBER | |
| International Standard Book Number | 9780199237838 |
| 040 ## - CATALOGING SOURCE | |
| Original cataloging agency | EG-ScBUE |
| Language of cataloging | eng |
| Transcribing agency | EG-ScBUE |
| 082 04 - DEWEY DECIMAL CLASSIFICATION NUMBER | |
| Classification number | 610.73 |
| Item number | CLI |
| Edition number | 22 |
| 245 0# - TITLE STATEMENT | |
| Title | Clinical Nursing Skills : |
| Remainder of title | Core and Advanced / |
| Statement of responsibility, etc | edited by Ruth Endacott, Phil Jevon, Simon Cooper. |
| 260 ## - PUBLICATION, DISTRIBUTION, ETC. (IMPRINT) | |
| Place of publication, distribution, etc | New York : |
| Name of publisher, distributor, etc | Oxford University Press Inc., |
| Date of publication, distribution, etc | c.2009. |
| 300 ## - PHYSICAL DESCRIPTION | |
| Extent | xix, 629 p. : |
| Other physical details | ill. (col.) ; |
| Dimensions | 27 cm. |
| 500 ## - GENERAL NOTE | |
| General note | Index : p. 620-629. |
| 500 ## - GENERAL NOTE | |
| General note | Glossary : p.604-619. |
| 504 ## - BIBLIOGRAPHY, ETC. NOTE | |
| Bibliography, etc | Includes bibliographical references. |
| 590 ## - LOCAL NOTE (RLIN) | |
| Local note | doha<br/>Reviewed by : Wessam |
| 650 ## - SUBJECT ADDED ENTRY--TOPICAL TERM | |
| 9 (RLIN) | 12105 |
| Topical term or geographic name as entry element | Nursing |
| Source of heading or term | BUEsh |
| 651 ## - SUBJECT ADDED ENTRY--GEOGRAPHIC NAME | |
| Source of heading or term | BUEsh |
| 653 ## - INDEX TERM--UNCONTROLLED | |
| Resource For college | Nursing |
| 655 ## - INDEX TERM--GENRE/FORM | |
| Form subdivision | |
| -- | 34232 |
| 700 1# - ADDED ENTRY--PERSONAL NAME | |
| 9 (RLIN) | 12106 |
| Personal name | Endacott, Ruth. |
| Relator term | editor. |
| 700 1# - ADDED ENTRY--PERSONAL NAME | |
| 9 (RLIN) | 12108 |
| Personal name | Cooper, Simon. |
| Relator term | editor. |
| 700 1# - ADDED ENTRY--PERSONAL NAME | |
| 9 (RLIN) | 12107 |
| Personal name | Jevon, Philip |
| Relator term | editor. |
| 942 ## - ADDED ENTRY ELEMENTS (KOHA) | |
| Source of classification or shelving scheme | Dewey Decimal Classification |
| Item type | |
| Call number prefix | 610.73 CLI |
| Withdrawn status | Item status | Source of classification or shelving scheme | Damaged status | Not for loan | Vendor | Home library | Current library | Shelving location | Date acquired | Source of acquisition | Cost, normal purchase price | Serial Enumeration / chronology | Total Checkouts | Total Renewals | Full call number | Barcode | Date last seen | Date last borrowed | Koha item type |
|---|---|---|---|---|---|---|---|---|---|---|---|---|---|---|---|---|---|---|---|
| Dewey Decimal Classification | Academic Bookshop | Central Library | Central Library | First floor | 01/03/2010 | 215.85 | 3698 | 15 | 187 | 610.73 CLI | 000020035 | 15/07/2025 | 24/03/2024 | Book - Borrowing | |||||
| Dewey Decimal Classification | Academic Bookshop | Central Library | Central Library | First floor | 23/08/2015 | Purchase | 215.85 | 3698 | 14 | 4 | 610.73 CLI | 000019420 | 15/07/2025 | 11/03/2013 | NB - Book (Non borrowing) |